| 000 | 00444nam a2200169 4500 | ||
|---|---|---|---|
| 001 | 975 | ||
| 005 | 20181127162412.0 | ||
| 020 | 0 | 0 | _a |
| 090 | 0 | 0 | _a174.4 B3487e 1968 |
| 100 | 0 | 0 | _aBaumhart, Raymond. |
| 245 | 0 | 0 |
_aEthics in business / _b _cRaymond Baumhart. _h |
| 250 | 0 | 0 | _a1st ed. |
| 260 | 0 | 0 |
_aNew York : _bHolt, Rinehart and Winston, _c1968. |
| 300 | 0 | 0 | _axvi, 248 p. |
| 440 |
_aBusiness and Society Series. _n _v |
||
| 650 | 0 | 0 |
_aBusiness ethics. _x |
| 999 |
_c685 _d685 |
||